| 000 | 00775cab a22001935a 4500 | ||
|---|---|---|---|
| 001 | L146970 | ||
| 008 | 090318e20090313xxkad f s 000 0 eng d | ||
| 035 | _a(Sirsi) u146970 | ||
| 041 | 0 | _aeng | |
| 100 | 1 | _aBarnes, Yolande | |
| 245 | 0 | 2 | _aA landmark for landlords |
| 260 | _2009 | ||
| 490 | 0 |
_aProperty Week _v75(11) 13 March 2009, 50(1) |
|
| 520 | _aPresents the results from the survey of English Housing. Finds that a continued decrease in owner-occupiers since 2003 will benefit rental property investors. Forecasts that the time for institutional investment in residential property may have arrived and that build-to-let properties will emerge. | ||
| 590 | _aKA | ||
| 651 | 4 |
_aUnited Kingdom _y |
|
| 690 | _aPROPERTY-PROPERTY MANAGEMENT-REGENERATION | ||
| 942 | _n0 | ||
| 999 |
_c81349 _d81349 |
||